000 00585nam a2200181Ia 4500
008 090123s9999 xx 000 0 und d
082 _b10133
100 _aपठाण यू. म.
245 _aभाऊ साहेबांची बखर
250 _a1
260 _bकॉन्टिनेंटल प्रकाशन
_c1975
300 _a116
600 _aपठाण यू. म.
630 _aभाऊ साहेबांची बखर
700 _aपठाण यू. म.
730 _aभाऊ साहेबांची बखर
942 _cBOOK
999 _c48199
_d48199